Statistiques concernant Personnages de bandes-dessinées par Emojis

Cliquez ici pour prendre le quiz!

Statistiques générales

  • Ce quiz a été pris 1 938 fois
  • Le résultat moyen est 5 sur 10

Statistiques - réponses

EmojisLivres% Correct
Tintin
87%
Balthazar Picsou
75%
Obélix
70%
Popeye
66%
Boule
62%
Lucky Luke
57%
Spirou
30%
Schtroumpf à lunettes
29%
Marsupilami
26%
Snoopy
8%

Distribution des résultats

Percentile par nombre de réponses

% des personnes avec chaque résultat

Votre développement - résultats

Vous n’avez pas pris ce quiz